000 01791nam1a2200349 i 4500
001 RU\NLR\BIBL_A\012765925
005 20241108234954.0
010 _a9785090919227
035 _a(NLR Aleph) 012765925
090 _a13077234
_c13077234
100 _a20220419g20229999um y0rusy50 ca
101 0 _arus
102 _aRU
105 _a||||j||||||||
181 0 _ai
_baxxe
182 0 _an
200 1 _aИнформатика
_e3 класс
_eучебник
_eсоответствует Федеральному государственному образовательному стандарту начального общего образования и Примерной основной образовательной программе начального общего образования
_eв двух частях
_fН.В. Матвеева, Е.Н. Челак, Н.К. Конопатова [и др.]
203 _aТекст
_bвизуальный
_cнепосредственный
205 _a5-е изд., стер.
210 _aМосква
_cПросвещение
_d2022
215 _d21
300 _aАвт. указаны на обороте тит. с.
313 _aПо пред.изд. 2021г.
606 _aИнформатика
_jУчебники для начальной школы
_92081274
_3RU\NLR\AUTH\661257251
686 3 _aЗ973.233я711-1
701 1 _7ca
_8rus
_aМатвеева
_bН. В.
_cканд. пед. наук
_gНаталия Владимировна
_9152709
_3RU\NLR\AUTH\770152747
701 1 _aЧелак
_bЕ. Н.
_gЕвгения Николаевна
701 1 _aКонопатова
_bН. К.
_gНина Константиновна
852 _aNLR
_j2022-5/3866
942 _cBOOK